Teoría de la Constitución
Gardado en:
| Autor Principal: | |
|---|---|
| Formato: | Libro |
| Idioma: | Lingua castelá |
| Publicado: |
Santiago, Chile
Fondo de Cultura Económica
1986
|
| Subjects: | |
| Tags: |
Engadir etiqueta
Sen Etiquetas, Sexa o primeiro en etiquetar este rexistro!
|
MARC
| LEADER | 00000nam a2200000 a 4500 | ||
|---|---|---|---|
| 001 | UCV0347 | ||
| 003 | CL-VaPUC | ||
| 005 | 20220830074220.0 | ||
| 008 | 880823e19860000CL |||||||||||||||||spa|d | ||
| 999 | |c 208903 |d 208901 | ||
| 040 | |c Pontificia Universidad Católica de Valparaíso | ||
| 082 | 0 | 4 | |a 342 CUM 1986 |2 21 |
| 100 | 0 | |a Cumplido Cereceda, Francisco |e author |9 294937 | |
| 245 | 1 | 0 | |a Teoría de la Constitución |
| 260 | |a Santiago, Chile |b Fondo de Cultura Económica |c 1986 | ||
| 300 | |a 146 páginas | ||
| 583 | |a last modification |c 19880823 00:00:00 |k Rodrigo Vera | ||
| 650 | 0 | |a Derecho constitucional |9 222588 | |
| 650 | 7 | |a CONSTITUCION POLITICA |y 1925 |9 856890 | |
| 650 | 0 | |a Reformas constitucionales |9 255169 | |
| 650 | 7 | |a CONSTITUCION POLITICA |y 1980 |9 856889 | |
| 852 | |a BIBCUR | ||
| 942 | |c BK |2 ddc | ||
| 945 | |d 19880823 00:00:00 | ||
| 952 | |0 0 |1 0 |4 0 |6 342_000000000000000_CUM_1986 |7 0 |8 A |9 183889 |a BIBDER |b BIBDER |d 2019-11-14 |i 2506122 |l 3 |o 342 CUM 1986 |p 2506122 |r 2023-01-25 |s 2020-12-03 |w 2019-11-14 |y BK |k DER | ||